<?xml version="1.0" encoding="UTF-8"?><?xml-stylesheet type="text/xsl" href="static/style.xsl"?><OAI-PMH xmlns="http://www.openarchives.org/OAI/2.0/" xmlns:xsi="http://www.w3.org/2001/XMLSchema-instance" xsi:schemaLocation="http://www.openarchives.org/OAI/2.0/ http://www.openarchives.org/OAI/2.0/OAI-PMH.xsd"><responseDate>2026-04-14T17:02:12Z</responseDate><request verb="GetRecord" identifier="oai:uvadoc.uva.es:10324/24497" metadataPrefix="marc">https://uvadoc.uva.es/oai/request</request><GetRecord><record><header><identifier>oai:uvadoc.uva.es:10324/24497</identifier><datestamp>2021-06-29T16:55:33Z</datestamp><setSpec>com_10324_38</setSpec><setSpec>col_10324_852</setSpec></header><metadata><record xmlns="http://www.loc.gov/MARC21/slim" xmlns:doc="http://www.lyncode.com/xoai" xmlns:xsi="http://www.w3.org/2001/XMLSchema-instance" xmlns:dcterms="http://purl.org/dc/terms/" xsi:schemaLocation="http://www.loc.gov/MARC21/slim http://www.loc.gov/standards/marcxml/schema/MARC21slim.xsd">
<leader>00925njm 22002777a 4500</leader>
<datafield tag="042" ind1=" " ind2=" ">
<subfield code="a">dc</subfield>
</datafield>
<datafield tag="720" ind1=" " ind2=" ">
<subfield code="a">Pérez Muñoz, Sergio</subfield>
<subfield code="e">author</subfield>
</datafield>
<datafield tag="260" ind1=" " ind2=" ">
<subfield code="c">2017</subfield>
</datafield>
<datafield tag="520" ind1=" " ind2=" ">
<subfield code="a">Este proyecto tiene como objetivo facilitar la manera de que los usuarios sepan de ofertas realizadas por comercios cercanos a su situación geográfica. También persigue dotar a dichos comercios de una plataforma que ayude a acercar esas ofertas a los usuarios que se encuentren cerca de ellos.&#xd;
Para ello, se ha realizado este proyecto en dos partes diferenciadas; una aplicación web y una aplicación móvil. La aplicación web está destinada a los comercios, los que podrán publicar y gestionar las ofertas de sus productos desde ella. La aplicación móvil está dirigida a los usuarios y potenciales compradores de estos productos ofertados por los comercios, indicándoles donde adquirirlos.&#xd;
En resumen, la combinación de estas dos aplicaciones permite tanto a los comercios como a los usuarios compradores beneficiarse mutuamente, al dar salida a los productos ofertados de manera que estos últimos sean conscientes de ello.</subfield>
</datafield>
<datafield tag="024" ind2=" " ind1="8">
<subfield code="a">http://uvadoc.uva.es/handle/10324/24497</subfield>
</datafield>
<datafield ind1=" " ind2=" " tag="653">
<subfield code="a">Sitios web-Diseño</subfield>
</datafield>
<datafield ind1=" " ind2=" " tag="653">
<subfield code="a">Telefonía móvil-Programas y sistemas de programación</subfield>
</datafield>
<datafield ind1=" " ind2=" " tag="653">
<subfield code="a">Comercio electrónico</subfield>
</datafield>
<datafield tag="245" ind1="0" ind2="0">
<subfield code="a">ElCholloApp: Gestión de ofertas de productos a usuarios</subfield>
</datafield>
</record></metadata></record></GetRecord></OAI-PMH>